000 00281nam a22001217a 4500
008 170204b xxu||||| |||| 00| 0 eng d
041 _aeng
080 _a61
100 _a3
101 _aSHM
245 _aA HISTORY OF THE NATIONAL LIBRARY OF MEDICINE
_cMILES, W.D
942 _2udc
_cBK
999 _c4585
_d4585